00657nam a2200193 a 450000100060000000300080000600500170001400800410003103500190007204000270009104100080011808200260012610000160015224501460016826000630031430000250037750000190040265100420042155481BD-RJUL20211209080254.0161119s1967 pk h b 001 0 eng d a(BD-RJUL)55604 aEXWcEXWdBD-RJULbeng aeng 223a954.025bHAC 19670 aHasan, Ibn 14aThe central structure of the Mughal empire and its practical working up to the year 1657 /cIbn Hasan. With a foreword by Sir E. Denison Ross aLahore :bPakistan Branch, Oxford University Press,c1967. avi, 398 p. ;c23 cm. aIncludes index 0aMogul EmpirexPolitics and government